Caught-up in the web of love. (Record no. 14248)

000 -LEADER
fixed length control field 00740nam a2200229 a 4500
001 - CONTROL NUMBER
control field :::00012077$&:&@@
003 - CONTROL NUMBER IDENTIFIER
control field OkBaRHE
005 - DATE AND TIME OF LATEST TRANSACTION
control field 20000607103415.0
008 - FIXED-LENGTH DATA ELEMENTS--GENERAL INFORMATION
fixed length control field s1977 j 000 0 eng u
040 ## - CATALOGING SOURCE
Transcribing agency
100 1# - MAIN ENTRY--PERSONAL NAME
Personal name Hurston, John W.
245 10 - TITLE STATEMENT
Title Caught-up in the web of love.
260 ## - PUBLICATION, DISTRIBUTION, ETC. (IMPRINT)
Place of publication, distribution, etc [Anaheim, CA.], :
Name of publisher, distributor, etc Mountain Press & Church Growth International
Date of publication, distribution, etc c1977
300 ## - PHYSICAL DESCRIPTION
Extent 95 p. : illus., charts ;
Dimensions 22 cm.
650 ## - SUBJECT ADDED ENTRY--TOPICAL TERM
Topical term or geographic name as entry element Church Group Work
650 ## - SUBJECT ADDED ENTRY--TOPICAL TERM
Topical term or geographic name as entry element Church Growth
650 ## - SUBJECT ADDED ENTRY--TOPICAL TERM
Topical term or geographic name as entry element Full Gospel Central Church (Korea)
700 ## - ADDED ENTRY--PERSONAL NAME
Personal name Cho, Yong-gi, 1936-
700 ## - ADDED ENTRY--PERSONAL NAME
Personal name Hurston, Karen L.
942 ## - ADDED ENTRY ELEMENTS (KOHA)
Source of classification or shelving scheme
Koha item type Books
Copies
Damaged status Copy number Koha item type Shelving location Withdrawn status Lost status Date acquired Not for loan Source of classification or shelving scheme Full call number Barcode Date last seen Permanent Location Price effective from
 1BooksGeneral Stacks  2010-04-14  BX 8783.2 .A4H8120772010-04-14RHEMA Bible Training College2010-04-14